A heap of jewels of oral radiation : (Record no. 39381)

MARC details
000 -LEADER
fixed length control field 00854nam a22002297a 4500
005 - DATE AND TIME OF LATEST TRANSACTION
control field 20100805115058.0
010 ## - LCCN (DPL NO)
LC control number ENG-98273
020 ## - INTERNATIONAL STANDARD BOOK NUMBER
Terms of availability 280.00
035 ## - SYSTEM CONTROL NUMBER
System control number EN-81806
037 ## - SOURCE OF ACQUISITION
Source of stock number/acquisition DBAD/PUB
082 ## - DEWEY DECIMAL CLASSIFICATION NUMBER
Classification number 610.9515
245 ## - TITLE STATEMENT
Title A heap of jewels of oral radiation :
Remainder of title kha-'thor rin-chin phun po of gyu-thog yon-tan mgon po /
Statement of responsibility, etc edited by Archana Ray
260 ## - PUBLICATION, DISTRIBUTION, ETC. (IMPRINT)
Place of publication, distribution, etc Kolkata
Name of publisher, distributor, etc The Asiatic Society
Date of publication, distribution, etc 2009
270 ## - ADDRESS
Address 1 Park Street
City Kolkata
Postal code 700016
300 ## - PHYSICAL DESCRIPTION
Extent xii,115p.
Dimensions 21cm (Hb)
500 ## - GENERAL NOTE
General note Includes bibliographial references and index
650 ## - SUBJECT ADDED ENTRY--TOPICAL TERM
Topical term or geographic name as entry element Medical, Preventive
650 ## - SUBJECT ADDED ENTRY--TOPICAL TERM
Topical term or geographic name as entry element Diagnosis
700 ## - ADDED ENTRY--PERSONAL NAME
Personal name Ray, Archana
9 (RLIN) 6576
942 ## - ADDED ENTRY ELEMENTS (KOHA)
Source of classification or shelving scheme Dewey Decimal Classification
Item type English Books
Classification part 610.9515
Call number suffix HEA
Holdings
Withdrawn status Lost status Not for loan Collection code Home library Current library Date acquired Source of acquisition Cost, normal purchase price Full call number Barcode Copy number Cost, replacement price Koha item type
    Not For Loan Non-fiction D.B.Act.Division D.B.Act.Division 05/08/2010 DBAD/PUB 280.00 610.9515 HEA EN-81806 1 280.00 English Books

© Delhi Public Library
Hit Counter
free hit counter